• 首页
  • 本馆介绍
  • 公告通知
  • 最新文献
  • 馆藏检索
  • 电子资源
  • 读者导购
  • 参考咨询
  • 我的图书馆
  • 登录
  • 详细信息显示
  • 放入我的书架
  • 预约/预借图书
  • 作者相关作品
  • 分类相关作品
  • 丛书相关作品
  • 出版社相关作品

书目信息

  • 表格格式
  • 工作单格式
  • 卡片格式
题名:
知识型企业管理
    
 
作者: 汪治 主编
分册:  
出版信息: 北京   高等教育出版社  2002.07
页数: 180页
开本: 26cm
丛书名: 教育部高职高专规划教材
单 册:
中图分类: F407.676
科图分类:
主题词: 工业经济--经济理论
电子资源:
ISBN: 7-04-010729-5
000 00643nam0 2200217 45
001 0303280807
005 20030328085058.0
010    @a7-04-010729-5@d15.50元
100    @a20030328d2002 km y0chiy0120 ea
101 0  @achi
105    @a z 000yy
200 1  @a知识型企业管理@AZhi Shi Xing Qi Ye Guan Li@f汪治主编@FWang Zhi Zhu Bian
210    @a北京@c高等教育出版社@d2002.07
215    @a180页@d26cm
225    @a教育部高职高专规划教材
410    @12001 @a教育部高职高专规划教材
606 0  @a工业经济@x经济理论
690    @aF407.676@v3
701  0 @a汪治@4主编
801    @aCN@bPftUser@c20030328
905    @aBZT@b345977-979@dF407.676@e1@f3
    
    知识型企业管理/汪治主编.-北京:高等教育出版社,2002.07
    180页;26cm.-(教育部高职高专规划教材)
    
    
    ISBN 7-04-010729-5:15.50元
    
●
相关链接 在五车中查询图书 在当当中查询图书 在豆瓣中查询图书


正题名:知识型企业管理     索取号:F407.676/1         预约/预借

序号 登录号 条形码 馆藏地/架位号 状态 备注
1 345977   201360311   样本书库/样005架A面1层1列/ [索取号:F407.676/1] 在馆    
2 345978   201360320   中心书库北库/ 北库017架A面5列3层73/ [索取号:F407.676/1] 在馆    
3 345979   201360339   中心书库北库/ 北库019架A面1列6层70/ [索取号:F407.676/1] 在馆    
山东省滨州职业学院图书馆 欢迎您!
大连网信软件有限公司© 版权所有